Les 12 coups de midi | Coup fatal #6 - Statistiques

Statistiques générales
  • Ce quiz a été pris 347 fois
  • Le résultat moyen est 7 sur 17
Statistiques - réponses
Questions Réponses % Correct
Quel mot trouve-t-on quand on enlève un "S" à "dessert" ? desert
96%
Par quelle lettre se termine le mot "alphabet" ? t
96%
A quel style musical appartiennent les groupes BTS et Blackpinks ? K-pop
89%
Quel département français obtient-on en changeant la première lettre du mot "Pomme" ? Somme
86%
Selon une expression, quand on rit aux éclats, quel fruit "se fend-on" ? poire
79%
Quel élément de la salle de bains est associé au titre d'une chanson de Lagaf' ? lavabo
62%
De quel pays les fettucine sont-elles originaires ? italie
53%
Dans quel pays se trouve la ville de Winnipeg ? Canada
35%
Qui incarne Will Turner dans la saga "Pirates des Caraïbes" ? Orlando Bloom
27%
Quand on ne veut pas passer les limites du raisonnable, on emploie l'expression "Point trop... n'en faut
14%
A quel membre de Pink Floyd doit-on les compositions de l'album "The Wall" ? Roger Water
9%
Dans quel roman de Jules Vernes croise-t-on l'officier Ivan Ogareff ? Michel Strogoff
6%
Quel duo du cinéma a créé la série "En thérapie" ? Toledano et Nakache
5%
Qui est la meilleure amie de la tueuse de vampire Buffy ? Willow
4%
Quel roman d'anticipation d'Aldous Huxley débute à Londres en l' "an 632 de Notre Ford" ? Meilleur des Mondes
3%
Quel violoniste français a fondé le Quintette du Hot Club de France avec Django Reinhardt ? Stéphane Grappelli
1%
Quel nageur français est surnommé "le phoque" ? Stève Stievenart
0%
Aucun quiz correspondant
Distribution des résultats
% des personnes avec chaque résultat
Percentile par nombre de réponses
Votre historique - résultats
Vous n’avez pas pris ce quiz